000 01429nam a22002297a 4500
999 _c60074
_d60074
003 Ge_BSU
005 20240708143531.0
008 230605s1983 ge ||||| |||| 00| 0 geo d
041 _ageo
080 _a739.1(479.22)(09) + 39(=353.1) მ-42
100 _aმაჩაბელი, კიტი
_98335
245 _aძველი საქართველოს ვერცხლი = Серебро древней Грузии = Argenterie de L'Ancienne Georgie.
_cკიტი მაჩაბელი; რედ. : ნ. გელოვანი, რ. ლაზარევა, ნ. მეტრეველი.
264 _aთბილისი :
_bხელოვნება,
_c1983.
300 _a118 გვ. :
_bილ., 74 ფ. ილ. ;
_c27 სმ.
500 _aპარალ. თავფურც. და ტექსტი რუს. და ფრ. ენებზე. ბიბლიოგრ. ტექსტის შენიშვნებში.
653 _aქართული ვერცხლის ნაკეთობები
653 _aქართველების ეთნოგრაფია.
700 _aგელოვანი, ნ.
_eრედაქტორი
_918465
700 _aლაზარევა, რ.
_eრედაქტორი
_918466
700 _aმეტრეველი, ნ.
_eრედაქტორი
_918467
942 _2udc
_cBK